| 000 | 01008nam a2200181 a 4500 | ||
|---|---|---|---|
| 008 | 080109s1963 ||||||||||||||||| || u | ||
| 050 | _aHD 38 Cye | ||
| 100 | _aCyert, Richard Michael | ||
| 245 | 1 | 2 | _aA behavioral theory of the firm |
| 260 |
_aEnglewood Cliffs, N.J. _bFT Prentice-Hall _c[1963] |
||
| 350 | _a0.00 | ||
| 650 | 0 | _aMANAGEMENT | |
| 650 | _aBEHAVIOURAL THEORY | ||
| 995 |
_aMAIN LIBRARY OPEN ACCESS _D0.00 _e702657 _FCBU-MAIN LIBRARY (Kitwe) _H3 _I0.00 _jHD 38 Cye _M2 _UAVAILABLE _y003470 _ZMain Library Open Access Collection |
||
| 995 |
_aMAIN LIBRARY OPEN ACCESS _D0.00 _e702309 _FCBU-MAIN LIBRARY (Kitwe) _H1 _I0.00 _jHD 38 Cye _M1 _UAVAILABLE _y003469 _ZMain Library Open Access Collection |
||
| 995 |
_aMAIN LIBRARY OPEN ACCESS _D0.00 _e710205 _FCBU-MAIN LIBRARY (Kitwe) _H2 _I0.00 _jHD 38 Cye _M3 _UAVAILABLE _y003472 _ZMain Library Open Access Collection |
||
| 995 |
_aANNEX COLLECTION (Main Library) _D0.00 _e710204 _FCBU-MAIN LIBRARY (Kitwe) _H4 _I0.00 _jHD 38 Cye _M4 _UAVAILABLE _y003471 _ZAnnex Low-Usage Collection |
||
| 999 |
_c84606 _d84606 |
||